|
|
|
|
| LEADER |
00963nam a2200253 a 4500 |
| 001 |
4552922 |
| 008 |
091202s1973 nyua bs 001 0 eng d |
| 010 |
|
|
|a \\\72089312
|
| 020 |
|
|
|a 0195016122
|
| 040 |
|
|
|a DLC
|c DLC
|d DLC
|
| 082 |
0 |
0 |
|a 331.1
|2 18
|
| 100 |
1 |
|
|a Harbison, Frederick Harris.
|
| 245 |
1 |
0 |
|a Human resources as the wealth of nations /
|c by Frederick H. Harbison.
|
| 260 |
|
|
|a New York :
|b Oxford University Press,
|c 1973.
|
| 300 |
|
|
|a x, 173 p. :
|b illus. ;
|c 21 cm.
|
| 490 |
0 |
|
|a Economic development series
|
| 504 |
|
|
|a Includes bibliographical references (p. 161-167) and index.
|
| 541 |
1 |
|
|e 00001334
|
| 650 |
|
0 |
|a Manpower.
|
| 650 |
|
0 |
|a Economic development.
|
| 650 |
|
0 |
|a Manpower policy
|z Developing countries.
|
| 852 |
4 |
|
|a Ayesha Abed Library
|j General shelf
|
| 999 |
|
|
|c 5851
|d 5851
|
| 952 |
|
|
|0 0
|1 0
|2 ddc
|4 0
|6 331_100000000000000_HAR_1973
|7 0
|9 5828
|a BRACUL
|b BRACUL
|c GEN
|d 2009-12-02
|g 282.00
|l 0
|o 331.1 HAR
|p 3010001334
|r 2009-12-02
|t 1
|v 564.00
|w 2009-12-02
|y BK
|